| 000 | 01486nam a2200205Ia 4500 | ||
|---|---|---|---|
| 003 | Ost | ||
| 005 | 20260507075709.0 | ||
| 008 | 260507s9999||||xx |||||||||||||| ||und|| | ||
| 040 | _cfsecg | ||
| 041 | _aara | ||
| 082 | _a658 | ||
| 100 |
_aشويح،محمد _eمؤلف |
||
| 245 | 0 |
_aمبادئ إدارة الأعمال : _b[التخطيط،التنظيم،التوجيه،القيادة،الرقابة] / _cمحمد شويح |
|
| 260 |
_aالجزائر: _bجسور, _c2015 |
||
| 300 |
_a222 صفحة؛ _bإيضاحات ؛ _c24 سم |
||
| 504 | _aمراجع ص.213 | ||
| 520 | _aالمفاهيم الادارية ، أساسيات التخطيط و أنواع و تقسيمات التخطيط و خطواته ، القيم الأخلاقية و التخطيط، أساسيا التنظيم و أعداد و تصميم الهيكل التنظيمي و السلطة و المسؤولية و ضوابطها الأخلاقية و المبادئ و القيم الأخلاقية للتنظيم ، تعريف التوجه و أسسه و أخلاقه و التحفيز و أنواعه و القيم الأخلاقية و الاتصال و القيم الأخلاقية ، مفهوم القيادة الادارية و أنماطها و مقومات و شروط القيادة الادارية ، مفهوم الرقابة و أهميتها و أنواعها و خطواتها و القيم الاخلاقية للرقابة. | ||
| 653 | _aإدارة الأعمال | ||
| 942 | _cكتاب | ||
| 999 |
_c45884 _d45884 |
||